Putting Responsible Research and Innovation into Practice : A Multi-Stakeholder Approach.

Bibliographic Details
Main Author: Blok, Vincent.
Format: eBook
Language:English
Published: Cham : Springer International Publishing AG, 2022.
Edition:1st ed.
Series:Library of Ethics and Applied Philosophy Series
Subjects:
Online Access:Click to View
LEADER 01652nam a22003853i 4500
001 EBC7110312
003 MiAaPQ
005 20231204023228.0
006 m o d |
007 cr cnu||||||||
008 231204s2022 xx o ||||0 eng d
020 |a 9783031147104  |q (electronic bk.) 
020 |z 9783031147098 
035 |a (MiAaPQ)EBC7110312 
035 |a (Au-PeEL)EBL7110312 
035 |a (OCoLC)1351747147 
040 |a MiAaPQ  |b eng  |e rda  |e pn  |c MiAaPQ  |d MiAaPQ 
050 4 |a BJ1-1725 
100 1 |a Blok, Vincent. 
245 1 0 |a Putting Responsible Research and Innovation into Practice :  |b A Multi-Stakeholder Approach. 
250 |a 1st ed. 
264 1 |a Cham :  |b Springer International Publishing AG,  |c 2022. 
264 4 |c Ã2023. 
300 |a 1 online resource (282 pages) 
336 |a text  |b txt  |2 rdacontent 
337 |a computer  |b c  |2 rdamedia 
338 |a online resource  |b cr  |2 rdacarrier 
490 1 |a Library of Ethics and Applied Philosophy Series ;  |v v.40 
588 |a Description based on publisher supplied metadata and other sources. 
590 |a Electronic reproduction. Ann Arbor, Michigan : ProQuest Ebook Central, 2023. Available via World Wide Web. Access may be limited to ProQuest Ebook Central affiliated libraries.  
655 4 |a Electronic books. 
776 0 8 |i Print version:  |a Blok, Vincent  |t Putting Responsible Research and Innovation into Practice  |d Cham : Springer International Publishing AG,c2022  |z 9783031147098 
797 2 |a ProQuest (Firm) 
830 0 |a Library of Ethics and Applied Philosophy Series 
856 4 0 |u https://ebookcentral.proquest.com/lib/matrademy/detail.action?docID=7110312  |z Click to View